Normal view
MARC view
- Ghulam Rasool Mehr, Maulana
Entry Personal Name
001 - CONTROL NUMBER
- control field: 59094
003 - CONTROL NUMBER IDENTIFIER
- control field: NUST
005 - DATE AND TIME OF LATEST TRANSACTION
- control field: 20210628202253.0
008 - FIXED-LENGTH DATA ELEMENTS
- fixed length control field: 210628|| aca||aabn | a|a d
040 ## - CATALOGING SOURCE
- Original cataloging agency: NUST
- Transcribing agency: NUST
100 ## - HEADING--PERSONAL NAME
- Personal name: Ghulam Rasool Mehr, Maulana
670 ## - SOURCE DATA FOUND
- Source citation: Work cat.: (NUST): Ghulam Rasool Mehr, Maulana, Matalib kalam, 2002
